| 000 | 00815nam a22002657a 4500 | ||
|---|---|---|---|
| 999 |
_c930 _d930 |
||
| 001 | 001587 | ||
| 003 | CoMeUDC001587 | ||
| 005 | 20190121233635.0 | ||
| 008 | 981030s1993 ck r 00010 spa d | ||
| 015 | _ack-1993-xxxx | ||
| 035 | _aAGK4883 LA | ||
| 040 |
_aua _cCoMeUDC _dla |
||
| 041 | 0 | _aspa | |
| 043 | _as-ck--- | ||
| 082 | 0 | 4 |
_a378.861 _bM912 _219 ed. |
| 100 | 1 | _aMosquera Mesa, Ricardo. | |
| 245 | 1 | 0 |
_aMayoría de edad para la universidad colombiana : _bhistoria de una reforma / _cRicardo Mosquera Mesa. |
| 260 |
_aSantaf ďe Bogotá : _bSenado de la República, _c1993. |
||
| 300 |
_a334 p. ; _c21 cm. |
||
| 504 | _aIncluye notas a pie de página. | ||
| 650 | 0 |
_aEducación superior _z Colombia. _91271 |
|
| 650 | 6 |
_aReforma universitaria _z Colombia. |
|
| 942 |
_2ddc _cBK |
||
| 949 |
_ac _bc |
||